00513nam a2200181Ia 4500999001500000003000400015005001700019008004100036020001800077040000900095082001800104100002500122245007600147250001200223260004500235300000900280942004200289 c5669d5669OSt20200121102405.0190216s9999||||xx |||||||||||||| ||und|| a9788170143772 coclc a658.45bPAL/E aPal, Rajendra 91316 0aEssentials Of Business Communication /cRajendra Pal ; J S Korlahalli  a8th ed. bSulthan Chand & Sons,c1997.aNew Delhi: a526p cBK2ddch658.45iPAL/Ek658.45mPAL/E